000 01047nam a22002297a 4500
999 _c7432
_d7432
001 21005
003 BD-DhUAP
005 20210121151345.0
008 210121s2020 bg a|||| |||| 000 0 ben d
020 _a9847007609468
040 _aBD-DhUAP
_bBen
_cBD-DhUAP
_dBD-DhUAP
082 _223
_a891.441 KOB
245 _aকবিতায় বঙ্গবন্ধু /
_cহাসেম খান ... [এবং অন্যান্য] কর্তৃক সম্পাদিত।
250 _aমুজিববর্ষ সং.।
260 _aঢাকা :
_bবাংলাদেশ শিশু একাডেমি,
_cc২০২০।
300 _a৯৬ পৃষ্ঠা :
_bচিত্র ;
_c২৮ সেমি.।
490 _aজাতির পিতা বঙ্গবন্ধু শেখ মুজিবুর রহমান শিশু-গ্রন্থমালা ৭।
600 _aRahman, Shekik Mujibur
_d1920-1975.
650 _aBengali poetry.
700 _aখান, হাসেম.
942 _2ddc
_cBK